Baby Hayabusa / FEMTOGO Trouvez le titre - Statistiques

Statistiques générales
  • Ce quiz a été pris 113 fois
  • Le résultat moyen est 6 sur 16
Statistiques - réponses
Hint Réponse % Correct
Juste un dernier verre sur une Sonata Sonata
70%
J'vois des rats, des serpents, des crapauds, des vipères : "Viens chez moi, viens chez nous, viens chez moi, viens chez nous" SCOPOLAMINE
58%
Dans les tiroirs à papa, trouve le verre d'whisky Il s'en envoie deux ou trois, une fois les anges endormis Volcano Love
55%
Y a plus qu'l'odeur des cendres, la chambre devient vide Ivy
53%
J'pisse sur les fleurs dе maman, l'année suivante, je prends le bus RAINY DAY
53%
C’est nous les meilleurs pour les OST de guerre 55 West
45%
L'océan nous sépare mais t'as gardé mon cœur près du tien Bad
39%
Volcano Love j'en ai tellement donné que même la lune n'ose plus me regarder Vernita Green
38%
S.V.S.F.E.M veut le SVD, il arrête pas d'spam sur son SSD Tuer la Bête
34%
J'fais les cent pas sur l'avenue très souvent les soirs de pluie GEOLE
32%
Des histoires de cœur, des histoires de "Je t'aime", des histoires de "Reviens à moi" La mèche
32%
Fils de roturier, taille les épaulettes, bientôt l'cul dans un Louis XVI Draga Dai
27%
Dehors dans l'froid sous Lacrimosa, j'faisais aucun bruit, agent du Mossad 4000KESTREL
24%
J'suis plus un spotter, j'suis un tireur d'élite BLACKHAWK
20%
FEMTOGO dans l'caisson, y a la voix qui résonne Mask on, j'arrive comme les mecs du réseau Bozoflow 5
9%
FEMTOGO dans l'caisson, y a la voix qui résonne Mask on, j'arrive comme les mecs du réseau Sometime
1%
Aucun quiz correspondant
Distribution des résultats
% des personnes avec chaque résultat
Percentile par nombre de réponses
Votre historique - résultats
Vous n’avez pas pris ce quiz